| 000 | 00355nam a2200133Ia 4500 | ||
|---|---|---|---|
| 008 | 150202s9999 xx 000 0 und d | ||
| 020 | _a821747401 | ||
| 050 |
_aFIC _bFIC |
||
| 100 | _aTaylor, Janelle. | ||
| 245 |
_aChase the wind / _cJanelle Taylor. |
||
| 260 |
_aNew York : _bZebra Books, _c1994. |
||
| 300 |
_a544 pages : _c18 cm. |
||
| 650 | _aFiction. | ||
| 999 |
_c282435 _d282435 |
||